Determinanty cien vybraných tovarov v okrese Prešov
Empirické posúdenie významnosti determinantov cien vybraných tovarov na vzorke 64 predajní z okresu Prešov.
Gespeichert in:
| 1. Verfasser: | |
|---|---|
| Weitere Verfasser: | |
| Format: | Buchkapitel |
| Sprache: | Slowakisch |
| Schlagworte: | |
| Tags: |
Keine Tags, Fügen Sie das erste Tag hinzu!
|
MARC
| LEADER | 00000nla a2200000 4500 | ||
|---|---|---|---|
| 001 | 0220794 | ||
| 005 | 20240502073627.8 | ||
| 041 | 0 | |a slo | |
| 044 | |a SK | ||
| 245 | 1 | 0 | |a Determinanty cien vybraných tovarov v okrese Prešov |c Lucia Mikovičová, Ladislav Pančík |
| 520 | |a Empirické posúdenie významnosti determinantov cien vybraných tovarov na vzorke 64 predajní z okresu Prešov. | ||
| 610 | 2 | 0 | |a ceny |
| 610 | 2 | 0 | |a tovar |
| 610 | 2 | 0 | |a tvorba cien |
| 610 | 2 | 0 | |a regresia |
| 610 | 2 | 0 | |a modely lineárne |
| 100 | 1 | |a Mikovičová, Lucia | |
| 700 | 1 | |a Pančík, Ladislav, 1989- | |